| 000 | 00473nam a22001817a 4500 | ||
|---|---|---|---|
| 003 | OSt | ||
| 005 | 20240709145000.0 | ||
| 008 | 240709b |||||||| |||| 00| 0 eng d | ||
| 020 | _a0231041330 | ||
| 040 | _cmust | ||
| 082 | _a34.2 BUL 1997 | ||
| 100 |
_aBull,Hedley _918551 |
||
| 245 |
_aThe Anarchical society: _bA study of order in world politics/ _cHedley Bull |
||
| 300 |
_axv,335p.: _c21cm. |
||
| 504 | _aIncludes Index | ||
| 650 | _2Politics | ||
| 942 |
_2ddc _cO_SHELF |
||
| 999 |
_c9119 _d9119 |
||